Luật dân sự 3 : Tài liệu hướng dẫn học tập
Giới thiệu tổng quan về thừa kế, di chuyển di sản và thực hiện quyền hưởng di sản.
Guardado en:
| Autor principal: | |
|---|---|
| Formato: | Libro |
| Lenguaje: | Undetermined |
| Publicado: |
Cần Thơ
Nxb. Đại học Cần Thơ
2012
|
| Materias: | |
| Etiquetas: |
Agregar Etiqueta
Sin Etiquetas, Sea el primero en etiquetar este registro!
|
| Thư viện lưu trữ: | Trung tâm Học liệu Trường Đại học Cần Thơ |
|---|
| LEADER | 00760nam a2200205Ia 4500 | ||
|---|---|---|---|
| 001 | CTU_229338 | ||
| 008 | 210402s9999 xx 000 0 und d | ||
| 082 | |a 346.597 | ||
| 082 | |b L312 | ||
| 100 | |a Nguyễn, Thị Mỹ Linh | ||
| 245 | 0 | |a Luật dân sự 3 : | |
| 245 | 0 | |b Tài liệu hướng dẫn học tập | |
| 245 | 0 | |c Nguyễn Thị Mỹ Linh (Biên soạn) | |
| 260 | |a Cần Thơ | ||
| 260 | |b Nxb. Đại học Cần Thơ | ||
| 260 | |c 2012 | ||
| 520 | |a Giới thiệu tổng quan về thừa kế, di chuyển di sản và thực hiện quyền hưởng di sản. | ||
| 650 | |a Luật dân sự,Civil law | ||
| 910 | |b nthai | ||
| 980 | |a Trung tâm Học liệu Trường Đại học Cần Thơ | ||